Statistics for Countries Where it Doesn't Snow

Click here to take the quiz!

General Stats

  • This quiz has been taken 1,292 times
    (1,200 since last reset)
  • The average score is 70 of 83

Answer Stats

ContinentCountry% Correct
North AmericaCuba
90%
North AmericaHaiti
90%
AfricaChad
89%
North AmericaDominica
89%
OceaniaFiji
89%
South AmericaGuyana
89%
AfricaNiger
89%
North AmericaPanama
89%
AfricaSudan
89%
South AmericaSuriname
89%
AfricaAngola
88%
North AmericaAntigua & Barbuda
88%
North AmericaBahamas
88%
North AmericaJamaica
88%
EuropeMalta
88%
OceaniaNauru
88%
AfricaNigeria
88%
AfricaSouth Sudan
88%
North AmericaBarbados
87%
North AmericaCosta Rica
87%
AfricaGuinea
87%
AfricaMali
87%
North AmericaSt. Kitts & Nevis
87%
North AmericaSt. Lucia
87%
North AmericaSt. Vincent & the Grenadines
87%
AfricaTogo
87%
OceaniaTuvalu
87%
South AmericaUruguay
87%
North AmericaEl Salvador
86%
AfricaGhana
86%
North AmericaHonduras
86%
OceaniaKiribati
86%
AsiaLaos
86%
OceaniaMarshall Islands
86%
North AmericaNicaragua
86%
OceaniaPalau
86%
South AmericaParaguay
86%
OceaniaSamoa
86%
OceaniaSolomon Islands
86%
OceaniaTonga
86%
North AmericaTrinidad & Tobago
86%
OceaniaVanuatu
86%
AfricaBenin
85%
AsiaCambodia
85%
AfricaRepublic of Congo
85%
AfricaSenegal
85%
AfricaSeychelles
85%
AfricaSomalia
85%
AfricaZambia
85%
AfricaZimbabwe
85%
AfricaCameroon
84%
AfricaCentral African Republic
84%
OceaniaFederated States of Micronesia
84%
AfricaGambia
84%
AfricaMauritania
84%
AfricaMauritius
84%
AsiaSingapore
84%
AfricaDjibouti
83%
AfricaEquatorial Guinea
83%
AfricaGuinea-Bissau
83%
AsiaThailand
83%
AfricaBotswana
82%
AfricaBurkina Faso
82%
AfricaCape Verde
82%
AfricaComoros
82%
AfricaGabon
82%
North AmericaGrenada
82%
AsiaMaldives
82%
AsiaQatar
82%
AsiaSri Lanka
82%
AsiaBahrain
81%
AsiaBrunei
81%
AfricaLiberia
81%
AsiaMalaysia
81%
AfricaSierra Leone
81%
AfricaIvory Coast
80%
AfricaMozambique
80%
AfricaSao Tome & Principe
80%
AsiaBangladesh
78%
AsiaEast Timor
78%
AfricaMalawi
78%
AsiaPhilippines
78%
AsiaKuwait
77%

Score Distribution

Percentile by Number Answered

Percent of People with Each Score

Your Score History

You have not taken this quiz since the last reset